| 000 | 00703cab a2200229 4500 | ||
|---|---|---|---|
| 001 | WB3446-15 | ||
| 008 | 090401t1998 xxu||||| |||| 00| 0 eng d | ||
| 035 | _a(Sirsi) u90123 | ||
| 041 | _aeng | ||
| 245 | _aTrade sales increase | ||
| 260 | _c1998 | ||
| 350 | _a0 | ||
| 490 |
_aAntiques Trade Gazette _v(1366) 5 December 1998, 1&4(1) |
||
| 520 | _aRecent figures released by BADA and LAPADA for 1997-1998 reveal an increase in the value of antique sales particularly with regards to overseas transactions. | ||
| 650 | _aANTIQUES MARKET | ||
| 650 |
_aArts and antiques _96217 |
||
| 650 | _aBADA | ||
| 650 | _aLAPADA | ||
| 690 |
_aArts and antiques _96217 |
||
| 942 | _n0 | ||
| 948 | _c03/12/1998 | ||
| 999 |
_c57085 _d57085 |
||